| 000 | 00820nam a2200193 a 4500 | ||
|---|---|---|---|
| 003 | 0 | ||
| 005 | 20250523105604.0 | ||
| 008 | 050103s19uu xx 00 eng d | ||
| 050 |
_aPHS ZA 3075 _b.D45 2003 |
||
| 100 | _aDe Leon, Juan Carlos Miguel A. | ||
| 245 |
_aA Study on the preferences between the internet and the library as a study tool among senior students of Southville International School / _cJuan Carlos Miguel A. De Leon. |
||
| 260 |
_aLas PiƱas City, Philippines : _bSouthville International School and Colleges, _c2003. |
||
| 300 |
_a33 pages : _billustrations ; _c28 cm. |
||
| 504 | _aIncludes bibliographical references. | ||
| 650 |
_aInformation-seeking behavior _zPhilippines. |
||
| 650 |
_aStudents _xUse of library resources. |
||
| 650 |
_aStudents _xUse of Internet resources. |
||
| 942 |
_2lcc _cPASS |
||
| 999 |
_c96943 _d96943 |
||